Top 10 Covid-19 getroffen landen - 26 april - Statistieken

Algemene statistieken
  • Deze quiz is 7 keer genomen
  • De gemiddelde score is 8 van 16
Antwoordstatistieken
land % Correct
Verenigde Staten
100%
China
86%
Frankrijk
86%
Italië
86%
Verenigd Koninkrijk
86%
Rusland
71%
Spanje
71%
België
57%
Duitsland
57%
Ierland
43%
Portugal
43%
Turkije
29%
Iran
0%
Qatar
0%
Singapore
0%
Zwitserland
0%
Geen overeenkomende quizzen gevonden
Scoreverdeling
Procent van Mensen met Elke Score
Percentiel versus Aantal Correcte Antwoorden
Uw Scoregeschiedenis
U heeft deze quiz nog niet genomen